000
00238nam a2200097Ia 4500
001
687466
005
20250826161556.0
008
250824s9999 xx 000 0 und d
245
0
_a
TAPINAĞIN SIRRI
_c
ZEHRA TAPUNÇ
260
_b
TUDEM YAYINLARI
999
_c
687466
_d
687466